今敏が監督を務めたアニメ映画・TVアニメ - Statistics

General Stats
  • This quiz has been taken 14 times
  • The average score is 3 of 6
Answer Stats
Answer % Correct
パプリカ
100%
東京ゴッドファーザーズ
64%
PERFECT BLUE
64%
妄想代理人
55%
千年女優
45%
オハヨウ
9%
No matching quizzes found
Score Distribution
Percent of People with Each Score
Percentile by Number Answered
Your Score History
You have not taken this quiz